Inserciones de la literatura en la enseñanza del derecho (Registro nro. 21700)

Detalles MARC
000 -LEADER
fixed length control field 00336 a2200109 4500
001 - CONTROL NUMBER
control field ART_41781
005 - DATE AND TIME OF LATEST TRANSACTION
control field 20260410161814.0
008 - FIXED-LENGTH DATA ELEMENTS--GENERAL INFORMATION
fixed length control field 260409a
100 1# - MAIN ENTRY--PERSONAL NAME
Personal name Cardinaux, Nancy
245 10 - TITLE STATEMENT
Title Inserciones de la literatura en la enseñanza del derecho
773 0# - HOST ITEM ENTRY
Title Academia
Related parts - Año 13, Nº 25 (ene./jun. 2015)
Record control number REV4314

No hay ítems disponibles.